[Event "OP-2010-0-01222"]
[Site "LSS email"]
[Date "2010.08.02"]
[Round "?"]
[White "Bonetti, Shane"]
[Black "Martindale, Roger"]
[Result "1-0"]
[WhiteElo "2182"]
[BlackElo "772"]
[PlyCount "33"]
[EventDate "2010.07.27"]
[EventType "tourn (corr)"]
[EventRounds "4"]
[EventCountry "GER"]
[SourceTitle "Corr 2015"]
[Source "ChessBase"]
[SourceDate "2015.07.17"]
[SourceVersion "1"]
[SourceVersionDate "2015.07.17"]
[SourceQuality "1"]

1. b4 e5 2. Bb2 d6 3. c4 Nf6 4. e3 a6 5. a3 Be6 6. Nf3 h6 7. Be2 Be7 8. Qc2 Qd7 9. 0-0 b5 10. cxb5 axb5 11. Nc3 c5 12. Bxb5 Nc6 13. d4 cxd4 14. Ne4 Nxe4 15. Nxe5 Bb3 16. Qxc6 Nf6 17. Qxa8+ 1-0

[Event "LSS RM-2010-0-00057"]
[Site "LSS email"]
[Date "2010.08.01"]
[Round "?"]
[White "Bonetti, Shane"]
[Black "Rensen, Martin"]
[Result "1/2-1/2"]
[WhiteElo "2307"]
[BlackElo "2210"]
[PlyCount "59"]
[EventDate "2010.06.03"]
[EventType "tourn (corr)"]
[EventRounds "6"]
[EventCountry "GER"]
[SourceTitle "Telechess CBM 143"]
[Source "ChessBase"]
[SourceDate "2011.07.15"]
[SourceVersion "1"]
[SourceVersionDate "2011.07.15"]
[SourceQuality "1"]

1. b4 e5 2. Bb2 Bxb4 3. Bxe5 Nf6 4. e3 d5 5. Nf3 0-0 6. Be2 c5 7. 0-0 Nc6 8. Bb2 Bf5 9. d3 Ba5 10. Nbd2 Bc7 11. c4 dxc4 12. Nxc4 Qe7 13. Rc1 Rfd8 14. d4 cxd4 15. Nxd4 Nxd4 16. Bxd4 b5 17. Nd2 a6 18. Nf3 Bd6 19. Bd3 Bxd3 20. Qxd3 Qe6 21. Qb3 Qxb3 22. axb3 a5 23. Bxf6 gxf6 24. Nd4 a4 25. Nxb5 a3 26. Rc2 Bf8 27. Nd4 Rdc8 28. Ra2 Rc3 29. Rb1 Rb8 30. Kf1 1/2-1/2

[Event "LSS RM-2010-0-00057"]
[Site "LSS email"]
[Date "2010.08.01"]
[Round "?"]
[White "Fages, Jorge Juan"]
[Black "Bonetti, Shane"]
[Result "1-0"]
[WhiteElo "2197"]
[BlackElo "2182"]
[PlyCount "103"]
[EventDate "2010.06.03"]
[EventType "tourn (corr)"]
[EventRounds "6"]
[EventCountry "GER"]
[SourceTitle "Telechess CBM 143"]
[Source "ChessBase"]
[SourceDate "2011.07.15"]
[SourceVersion "1"]
[SourceVersionDate "2011.07.15"]
[SourceQuality "1"]

1. d4 f5 2. g3 Nf6 3. Bg2 e6 4. c4 Be7 5. Nf3 0-0 6. 0-0 c5 7. Nc3 cxd4 8. Nxd4 Nc6 9. b3 a6 10. Bb2 Qc7 11. Rc1 Rf7 12. e3 Nxd4 13. exd4 Rb8 14. Re1 b6 15. Na4 Ne4 16. f3 Nf6 17. d5 Bb4 18. Re2 exd5 19. cxd5 Qd8 20. d6 Qf8 21. Be5 Ba3 22. Rcc2 Bb7 23. Qd4 Ne8 24. b4 a5 25. bxa5 bxa5 26. Nc5 Ba8 27. Re3 Bxc5 28. Rxc5 g6 29. Bf1 Ng7 30. Bc4 Ne6 31. Bxe6 dxe6 32. Rc7 Rb4 33. Qa7 Rb7 34. Qxa5 f4 35. Ra3 Rbxc7 36. dxc7 Bb7 37. Rd3 Bd5 38. Bd6 Qc8 39. Qb6 g5 40. Qb8 Rxc7 41. Bxc7 Qxb8 42. Bxb8 Bxa2 43. gxf4 gxf4 44. Rd7 Bb1 45. Bxf4 Kf8 46. Bh6+ Ke8 47. Ra7 Kd8 48. Kf2 Bg6 49. Ke3 Bf5 50. Kd4 Bg6 51. Ke5 Bf5 52. Kd6 1-0